[Event "Bad Woerishofen Seniors op 32nd"]
[Site "Bad Woerishofen"]
[Date "2016.03.05"]
[Round "9"]
[White "Titz, Waldemar"]
[Black "Dombrowe, Eckehard"]
[Result "1/2-1/2"]
[WhiteElo "1725"]
[BlackElo "1793"]
[PlyCount "99"]
[EventDate "2016.02.26"]
[EventType "swiss"]
[EventRounds "9"]
[EventCountry "GER"]
[SourceTitle "EXT 2019"]
[Source "ChessBase"]
[SourceDate "2018.10.10"]
[SourceVersion "1"]
[SourceVersionDate "2018.10.10"]
[SourceQuality "1"]

1. e4 e5 2. Nf3 d6 3. d4 Nf6 4. Nc3 exd4 5. Nxd4 Be7 6. Be2 0-0 7. 0-0 Bd7 8. Be3 Nc6 9. f3 a6 10. a3 h6 11. Nxc6 Bxc6 12. Bc4 Nh7 13. Kh1 Qd7 14. Qd2 Kh8 15. Ne2 f5 16. exf5 Qxf5 17. Nd4 Qd7 18. Ne6 Rf6 19. Nd4 Re8 20. Rae1 Bb5 21. Bxb5 axb5 22. c3 c5 23. Nc2 Nf8 24. Rd1 Qc8 25. Bf2 Re6 26. Rde1 Bf6 27. Rxe6 Rxe6 28. Re1 Rxe1+ 29. Qxe1 b6 30. Qe2 Qd7 31. Kg1 Ne6 32. Bg3 Nc7 33. Kf1 Kg8 34. Ne3 Kf7 35. Qd3 Be7 36. Nd5 Nxd5 37. Qxd5+ Qe6 38. Qd3 Qc4 39. Ke2 Ke6 40. Kd2 Qxd3+ 41. Kxd3 Kd5 42. h4 h5 43. Bf2 Ke5 44. Bg3+ Kf5 45. Ke3 d5 46. Bc7 Bxh4 47. Bxb6 Bg5+ 48. Ke2 Bc1 49. Bxc5 Bxb2 50. Bb4 1/2-1/2

[Event "Bad Woerishofen Seniors op 32nd"]
[Site "Bad Woerishofen"]
[Date "2016.03.03"]
[Round "7"]
[White "Mircoli, Filippo"]
[Black "Dombrowe, Eckehard"]
[Result "1-0"]
[WhiteElo "1611"]
[BlackElo "1793"]
[PlyCount "49"]
[EventDate "2016.02.26"]
[EventType "swiss"]
[EventRounds "9"]
[EventCountry "GER"]
[SourceTitle "EXT 2019"]
[Source "ChessBase"]
[SourceDate "2018.10.10"]
[SourceVersion "1"]
[SourceVersionDate "2018.10.10"]
[SourceQuality "1"]

1. d4 d5 2. Nf3 Nf6 3. e3 e6 4. Nbd2 c5 5. c3 Nc6 6. Bd3 c4 7. Bc2 g6 8. e4 dxe4 9. Nxe4 Be7 10. 0-0 Nxe4 11. Bxe4 Bd7 12. Qe2 b5 13. Bh6 Bf8 14. Bxf8 Kxf8 15. Ne5 Qc7 16. f4 Kg7 17. Qf3 Rac8 18. a4 Nxe5 19. fxe5 bxa4 20. Qxf7+ Kh6 21. Qf4+ g5 22. Qf6+ Kh5 23. h3 Rcf8 24. Bf3+ g4 25. Bxg4# 1-0

[Event "Bad Woerishofen Seniors op 32nd"]
[Site "Bad Woerishofen"]
[Date "2016.02.29"]
[Round "4"]
[White "Dombrowe, Eckehard"]
[Black "Braun, Erhard"]
[Result "0-1"]
[WhiteElo "1793"]
[BlackElo "1932"]
[PlyCount "60"]
[EventDate "2016.02.26"]
[EventType "swiss"]
[EventRounds "9"]
[EventCountry "GER"]
[SourceTitle "EXT 2019"]
[Source "ChessBase"]
[SourceDate "2018.10.10"]
[SourceVersion "1"]
[SourceVersionDate "2018.10.10"]
[SourceQuality "1"]

1. d4 Nf6 2. c4 c5 3. Nf3 g6 4. d5 b5 5. b3 Bg7 6. Bb2 d6 7. Nbd2 0-0 8. e3 bxc4 9. Nxc4 Bb7 10. Bxf6 Bxf6 11. Rc1 Nd7 12. Bd3 Bxd5 13. 0-0 Bb7 14. Qe2 a5 15. a4 Nb6 16. Nxb6 Qxb6 17. Bb5 Ba6 18. Bxa6 Qxa6 19. Qc2 Rab8 20. Rfd1 Rb4 21. Rb1 Rfb8 22. Nd2 e6 23. Ne4 Be7 24. Nc3 d5 25. Nb5 Rc8 26. Na3 c4 27. bxc4 Rxb1 28. Nxb1 Qxc4 29. Qb2 Qxa4 30. g3 Qxd1+ 0-1

[Event "Hessen-ch Seniors op 11th"]
[Site "Bad Sooden-Allendorf"]
[Date "2015.05.17"]
[Round "9"]
[White "Dombrowe, Eckehard"]
[Black "Bachmann, Rolf"]
[Result "0-1"]
[WhiteElo "1793"]
[BlackElo "2063"]
[PlyCount "37"]
[EventDate "2015.05.09"]
[EventType "swiss"]
[EventRounds "9"]
[EventCountry "GER"]
[SourceTitle "EXT 2018"]
[Source "ChessBase"]
[SourceDate "2017.10.13"]
[SourceVersion "1"]
[SourceVersionDate "2017.10.13"]
[SourceQuality "1"]

1. d4 Nf6 2. Nf3 g6 3. c4 Bg7 4. Nc3 d5 5. e3 0-0 6. cxd5 Nxd5 7. Bd2 b6 8. Rc1 Bb7 9. Bc4 Nf6 10. 0-0 Nbd7 11. b4 c6 12. a4 a5 13. b5 c5 14. Bb3 Qc7 15. Bc2 Rac8 16. h3 Qb8 17. Nb1 Nd5 18. Qe1 Qa8 19. Qe2 0-1

[Event "Hessen-ch Seniors op 11th"]
[Site "Bad Sooden-Allendorf"]
[Date "2015.05.13"]
[Round "5"]
[White "Dombrowe, Eckehard"]
[Black "Dietzsch, Dietmar"]
[Result "1/2-1/2"]
[WhiteElo "1793"]
[BlackElo "2021"]
[PlyCount "101"]
[EventDate "2015.05.09"]
[EventType "swiss"]
[EventRounds "9"]
[EventCountry "GER"]
[SourceTitle "EXT 2018"]
[Source "ChessBase"]
[SourceDate "2017.10.13"]
[SourceVersion "1"]
[SourceVersionDate "2017.10.13"]
[SourceQuality "1"]

1. d4 d5 2. c4 e6 3. Nc3 c6 4. cxd5 exd5 5. Nf3 Be7 6. Bf4 Nf6 7. h3 Bf5 8. e3 Nbd7 9. Bd3 Bxd3 10. Qxd3 0-0 11. 0-0 Re8 12. Rac1 Bf8 13. Ne5 Nxe5 14. Bxe5 Bd6 15. Bxd6 Qxd6 16. a3 Re7 17. b4 a5 18. Rb1 axb4 19. axb4 b5 20. Rb3 Rea7 21. Rfb1 Qe7 22. Qc2 Re8 23. R3b2 g6 24. Ra2 Rea8 25. Rba1 Rxa2 26. Rxa2 Rxa2 27. Nxa2 Qd6 28. Qc5 Qxc5 29. bxc5 Kf8 30. Nb4 Ke7 31. Nxc6+ Kd7 32. Nb4 Ne4 33. Nxd5 Nxc5 34. dxc5 Kc6 35. Nc3 b4 36. Nb1 Kxc5 37. Kf1 Kc4 38. Ke2 Kb3 39. Kd1 Kb2 40. Nd2 b3 41. e4 Kc3 42. f4 b2 43. g4 Kd3 44. g5 b1Q+ 45. Nxb1 Kxe4 46. Ke2 Kxf4 47. Kf2 Kxg5 48. Nd2 Kf4 49. Nf3 h5 50. Nh4 Kg5 51. Nf3+ 1/2-1/2

[Event "Hessen-ch Seniors op 11th"]
[Site "Bad Sooden-Allendorf"]
[Date "2015.05.12"]
[Round "4"]
[White "Gerhardt, Peter Michael"]
[Black "Dombrowe, Eckehard"]
[Result "1-0"]
[WhiteElo "2017"]
[BlackElo "1793"]
[PlyCount "77"]
[EventDate "2015.05.09"]
[EventType "swiss"]
[EventRounds "9"]
[EventCountry "GER"]
[SourceTitle "EXT 2018"]
[Source "ChessBase"]
[SourceDate "2017.10.13"]
[SourceVersion "1"]
[SourceVersionDate "2017.10.13"]
[SourceQuality "1"]

1. d4 d5 2. c4 e6 3. Nc3 Nf6 4. Nf3 Be7 5. Bg5 0-0 6. e3 Nbd7 7. Be2 dxc4 8. Bxc4 h6 9. Bh4 c6 10. 0-0 Nd5 11. Bg3 N7f6 12. Nd2 Bd6 13. Bxd6 Qxd6 14. Be2 e5 15. Nc4 Qc7 16. Nxd5 Nxd5 17. Nxe5 Nf6 18. Rc1 Be6 19. Bc4 Bxc4 20. Rxc4 Rad8 21. b4 Rfe8 22. Qf3 a6 23. a4 Re6 24. b5 axb5 25. axb5 Rdd6 26. bxc6 bxc6 27. g3 Nd5 28. Rfc1 Rf6 29. Qe4 Rfe6 30. Qc2 Ne7 31. Nd3 Rf6 32. e4 Rf3 33. Ne5 Rdf6 34. Nxf3 Rxf3 35. d5 Qe5 36. dxc6 h5 37. c7 Kh7 38. Rc5 Qf6 39. e5+ 1-0

[Event "Bad Woerishofen Seniors op 30th"]
[Site "Bad Woerishofen"]
[Date "2014.03.24"]
[Round "4"]
[White "Schweitzer, Paul"]
[Black "Dombrowe, Eckehard"]
[Result "1/2-1/2"]
[WhiteElo "1696"]
[BlackElo "1828"]
[PlyCount "120"]
[EventDate "2014.03.21"]
[EventType "swiss"]
[EventRounds "9"]
[EventCountry "GER"]
[SourceTitle "EXT 2019"]
[Source "ChessBase"]
[SourceDate "2018.10.10"]
[SourceVersion "1"]
[SourceVersionDate "2018.10.10"]
[SourceQuality "1"]

1. Nf3 d5 2. d4 Nf6 3. Bg5 e6 4. c3 Nbd7 5. Nbd2 h6 6. Bf4 c5 7. Qa4 Be7 8. Ne5 0-0 9. e3 Nb6 10. Qc2 Bd7 11. a4 a5 12. Bb5 Bxb5 13. axb5 Nbd7 14. c4 Nxe5 15. dxe5 Nh5 16. g4 Nxf4 17. exf4 d4 18. Qe4 b6 19. b3 Rc8 20. Nf3 f5 21. gxf5 Rxf5 22. h4 Qf8 23. Qb7 Rxf4 24. Nd2 Rb8 25. Qc6 Qf5 26. Qc7 Qf8 27. 0-0-0 Bxh4 28. f3 Bg5 29. Kc2 Qd8 30. Qc6 Qc8 31. Rdg1 Qxc6 32. bxc6 Rc8 33. Ne4 Rxf3 34. Nxg5 hxg5 35. Rxg5 Rxc6 36. Rgh5 Kf8 37. Rh8+ Ke7 38. Rb8 Kf7 39. Rhh8 Kg6 40. Rb7 Rf7 41. Rbb8 Kf5 42. Rh5+ g5 43. Rg8 Kxe5 44. Rhxg5+ Rf5 45. Rg2 Kd6 46. R2g6 Ke7 47. R8g7+ Rf7 48. Rg8 Rd6 49. Rb8 Rf2+ 50. Kd3 Rf3+ 51. Kd2 d3 52. Rb7+ Kf8 53. Rh6 Rf7 54. Rb8+ Ke7 55. Rb7+ Rd7 56. Rxb6 Rf2+ 57. Kd1 d2 58. Rhxe6+ Kf7 59. Rbd6 Rf1+ 60. Kxd2 Re7 1/2-1/2

[Event "MVP-ch Seniors op 13th"]
[Site "Binz"]
[Date "2013.12.05"]
[Round "9"]
[White "Dombrowe, Eckehard"]
[Black "Schneider, Miloca"]
[Result "1/2-1/2"]
[WhiteElo "1610"]
[BlackElo "1775"]
[PlyCount "59"]
[EventDate "2013.11.27"]
[EventType "swiss"]
[EventRounds "9"]
[EventCountry "GER"]
[SourceTitle "EXT 2015"]
[Source "ChessBase"]
[SourceDate "2014.11.20"]
[SourceVersion "1"]
[SourceVersionDate "2014.11.20"]
[SourceQuality "1"]

1. d4 d5 2. Nf3 e6 3. c4 Nf6 4. Bg5 Be7 5. Nc3 c6 6. e3 0-0 7. cxd5 exd5 8. h3 Nbd7 9. Bd3 Re8 10. 0-0 Nf8 11. Qc2 N6d7 12. Bf4 Bf6 13. Rfe1 g6 14. Rac1 Ne6 15. Bg3 Ndf8 16. b4 b6 17. Ne2 Bb7 18. Ne5 Bxe5 19. Bxe5 Qe7 20. a3 Rec8 21. Qb2 Nd7 22. Bg3 f5 23. Rc3 Ng5 24. Kh1 Ne4 25. Bxe4 fxe4 26. Rec1 g5 27. Ng1 h5 28. f4 g4 29. Qf2 Rf8 30. Bh4 1/2-1/2

[Event "MVP-ch Seniors op 13th"]
[Site "Binz"]
[Date "2013.12.02"]
[Round "6"]
[White "Bussler, Juergen"]
[Black "Dombrowe, Eckehard"]
[Result "1/2-1/2"]
[WhiteElo "1770"]
[BlackElo "1610"]
[PlyCount "42"]
[EventDate "2013.11.27"]
[EventType "swiss"]
[EventRounds "9"]
[EventCountry "GER"]
[SourceTitle "EXT 2015"]
[Source "ChessBase"]
[SourceDate "2014.11.20"]
[SourceVersion "1"]
[SourceVersionDate "2014.11.20"]
[SourceQuality "1"]

1. d4 d5 2. c4 e6 3. Nc3 Nf6 4. Nf3 Be7 5. Bf4 0-0 6. e3 Nbd7 7. Bd3 dxc4 8. Bxc4 Nb6 9. Bb3 Nbd5 10. Bg3 b6 11. 0-0 Nxc3 12. bxc3 Ne4 13. Qd3 Nxg3 14. hxg3 a5 15. Rfd1 Ba6 16. Qe4 Rb8 17. Ne5 Bb7 18. Qg4 Bf6 19. Nd3 Qe7 20. Rac1 Rfd8 21. Qf4 Bg5 1/2-1/2

[Event "MVP-ch Seniors op 13th"]
[Site "Binz"]
[Date "2013.11.28"]
[Round "2"]
[White "Henniges, Erhard"]
[Black "Dombrowe, Eckehard"]
[Result "1/2-1/2"]
[WhiteElo "1294"]
[BlackElo "1610"]
[PlyCount "105"]
[EventDate "2013.11.27"]
[EventType "swiss"]
[EventRounds "9"]
[EventCountry "GER"]
[SourceTitle "EXT 2015"]
[Source "ChessBase"]
[SourceDate "2014.11.20"]
[SourceVersion "1"]
[SourceVersionDate "2014.11.20"]
[SourceQuality "1"]

1. c4 Nf6 2. g3 e6 3. Bg2 d5 4. cxd5 exd5 5. Nf3 c6 6. d3 Be7 7. 0-0 0-0 8. Be3 Re8 9. Nbd2 Nbd7 10. a3 Ng4 11. Bf4 Nf8 12. Nb3 Ne6 13. Bd2 Bf6 14. d4 Ng5 15. Nxg5 Bxg5 16. e3 Nf6 17. Nc5 Ne4 18. b4 Nxc5 19. bxc5 b6 20. h4 Be7 21. cxb6 axb6 22. Qb3 Rb8 23. Rfc1 Bd7 24. Kh2 b5 25. Bb4 Bxb4 26. axb4 Ra8 27. Qc3 Qb8 28. Rxa8 Qxa8 29. Ra1 Qb7 30. Ra5 Ra8 31. Qa3 Rxa5 32. Qxa5 Qc8 33. Qa2 h6 34. f3 Be6 35. Qc2 Qa8 36. Bh3 Qc8 37. Bxe6 Qxe6 38. Qd2 Qd6 39. Kg2 h5 40. f4 g6 41. Qc3 Kf8 42. Qc5 Qxc5 43. dxc5 Ke7 44. Kf3 Ke6 45. e4 dxe4+ 46. Kxe4 f6 47. Kd4 Kd7 48. Ke4 Ke6 49. Kd4 Kf5 50. Ke3 Kg4 51. Kf2 Kf5 52. Kf3 Ke6 53. Ke4 1/2-1/2

[Event "Hessen-ch Seniors op 09th"]
[Site "Bad Sooden-Allendorf"]
[Date "2013.04.27"]
[Round "8"]
[White "Dombrowe, Eckehard"]
[Black "Rehder, Frank"]
[Result "1-0"]
[WhiteElo "1796"]
[BlackElo "1886"]
[PlyCount "93"]
[EventDate "2013.04.20"]
[EventType "swiss"]
[EventRounds "9"]
[EventCountry "GER"]
[SourceTitle "EXT 2019"]
[Source "ChessBase"]
[SourceDate "2018.10.10"]
[SourceVersion "1"]
[SourceVersionDate "2018.10.10"]
[SourceQuality "1"]

1. d4 Nf6 2. Nf3 g6 3. c4 d6 4. Nc3 Bg7 5. e3 0-0 6. Be2 Nbd7 7. 0-0 e5 8. dxe5 dxe5 9. Qc2 c6 10. Rd1 Qe7 11. e4 h6 12. h3 Re8 13. Be3 Nf8 14. Rd2 g5 15. Nh2 Ng6 16. Rad1 Be6 17. b3 Nf4 18. Bf3 Rf8 19. Ng4 N6h5 20. Nh2 f6 21. Bg4 Bh8 22. g3 Nxh3+ 23. Kg2 Bxg4 24. Nxg4 N3f4+ 25. gxf4 Qe6 26. f5 Qe8 27. Nxh6+ Kh7 28. Ng4 Nf4+ 29. Bxf4 gxf4 30. f3 Bg7 31. Rd7 Rf7 32. Rxf7 Qxf7 33. Qd2 Re8 34. Qd7 Re7 35. Qd6 Kg8 36. Qb8+ Re8 37. Rd8 Rxd8 38. Qxd8+ Kh7 39. Qd6 Qg8 40. Qe7 Kh8 41. Ne2 b5 42. cxb5 cxb5 43. Kf2 Qc8 44. Qxa7 Bf8 45. Qf7 Bg7 46. Nxf6 Qc5+ 47. Kf1 1-0

[Event "SH-ch Seniors op"]
[Site "Eckernfoerde"]
[Date "2012.10.03"]
[Round "5.27"]
[White "Kuehnen, Gerhard"]
[Black "Dombrowe, Eckehard"]
[Result "1/2-1/2"]
[WhiteElo "1639"]
[BlackElo "1821"]
[PlyCount "75"]
[EventDate "2012.09.29"]
[EventType "swiss"]
[EventRounds "7"]
[EventCountry "GER"]
[SourceTitle "EXT 2022"]
[Source "ChessBase"]
[SourceDate "2021.10.06"]
[SourceVersion "1"]
[SourceVersionDate "2021.10.06"]
[SourceQuality "1"]

1. d4 d5 2. c4 e6 3. Nf3 Nf6 4. e3 Be7 5. Be2 dxc4 6. Bxc4 0-0 7. 0-0 Nbd7 8. Re1 Nb6 9. Bb3 Bd7 10. Nc3 c5 11. Ne5 cxd4 12. Qxd4 Rc8 13. Qd3 Qc7 14. Nf3 Rfd8 15. Ne4 Bc6 16. Nxf6+ Bxf6 17. Qe2 Bd5 18. e4 Bxb3 19. axb3 a6 20. e5 Be7 21. Be3 Nd5 22. Rec1 Qb8 23. Bg5 Rxc1+ 24. Rxc1 Bxg5 25. Nxg5 h6 26. Nh3 Qa7 27. Rc4 Qb6 28. Qf3 Qa5 29. g3 Qa1+ 30. Kg2 Qxb2 31. Nf4 Nxf4+ 32. gxf4 Rd7 33. Rc8+ Kh7 34. Qe4+ g6 35. Qb4 Qe2 36. h3 Rd2 37. Rh8+ Kxh8 38. Qf8+ 1/2-1/2

[Event "SH-ch Seniors op"]
[Site "Eckernfoerde"]
[Date "2012.10.02"]
[Round "4.23"]
[White "Dombrowe, Eckehard"]
[Black "Zimmermann, Manfred"]
[Result "1/2-1/2"]
[WhiteElo "1821"]
[BlackElo "1899"]
[PlyCount "98"]
[EventDate "2012.09.29"]
[EventType "swiss"]
[EventRounds "7"]
[EventCountry "GER"]
[SourceTitle "EXT 2022"]
[Source "ChessBase"]
[SourceDate "2021.10.06"]
[SourceVersion "1"]
[SourceVersionDate "2021.10.06"]
[SourceQuality "1"]

1. d4 d5 2. c4 e6 3. Nc3 Nf6 4. Bg5 Be7 5. e3 0-0 6. Nf3 h6 7. Bxf6 Bxf6 8. cxd5 exd5 9. Be2 c6 10. 0-0 Re8 11. Rc1 b6 12. b4 a6 13. a4 Bb7 14. b5 cxb5 15. axb5 a5 16. Na4 Nd7 17. Qb3 Rc8 18. Rc2 Rxc2 19. Qxc2 Qb8 20. Rc1 Rc8 21. Qb1 Qd6 22. Rxc8+ Bxc8 23. Qc2 Bb7 24. Bd3 Bd8 25. h4 Qc7 26. Qxc7 Bxc7 27. g3 Kf8 28. Kf1 Ke7 29. Ke2 Nf6 30. Nd2 g6 31. Nc3 Ne8 32. Na4 Nd6 33. Nc3 f5 34. f4 Ne4 35. Ndxe4 fxe4 36. Bc2 Kd6 37. Bb3 Bd8 38. Na4 Bc8 39. Nc3 Be6 40. Kf2 Bc7 41. Bd1 Bd8 42. h5 g5 43. g4 gxf4 44. exf4 Bh4+ 45. Ke3 Be1 46. Na4 Kc7 47. g5 Bh4 48. g6 Bf6 49. Nc3 Kd6 1/2-1/2

[Event "SH-ch Seniors op"]
[Site "Eckernfoerde"]
[Date "2012.10.01"]
[Round "3.20"]
[White "Stecklina, Otto"]
[Black "Dombrowe, Eckehard"]
[Result "1-0"]
[WhiteElo "1943"]
[BlackElo "1821"]
[PlyCount "81"]
[EventDate "2012.09.29"]
[EventType "swiss"]
[EventRounds "7"]
[EventCountry "GER"]
[SourceTitle "EXT 2022"]
[Source "ChessBase"]
[SourceDate "2021.10.06"]
[SourceVersion "1"]
[SourceVersionDate "2021.10.06"]
[SourceQuality "1"]

1. Nf3 Nf6 2. g3 d5 3. d4 h6 4. Bg2 Bf5 5. c3 e6 6. Nbd2 c5 7. 0-0 Nbd7 8. Re1 Be7 9. Nh4 Bh7 10. e4 dxe4 11. Nxe4 Nxe4 12. Bxe4 Bxe4 13. Rxe4 Nf6 14. Re1 cxd4 15. cxd4 0-0 16. Nf3 Nd5 17. Ne5 Bf6 18. Qg4 Kh8 19. Qh5 Kg8 20. Bd2 Bg5 21. Bxg5 Qxg5 22. Qf3 Rac8 23. Qb3 Rc7 24. Rad1 Rfc8 25. h4 Qe7 26. Nd3 a5 27. Nc5 b6 28. Na4 Rc6 29. Qxd5 Rc4 30. Nxb6 Qa7 31. Nxc8 Rxc8 32. Qe5 Rc2 33. Re2 Rc8 34. b3 Qb6 35. Re4 Rc2 36. Rg4 f6 37. Qxf6 Qc7 38. Qxe6+ Kh8 39. Rf4 Qd8 40. Re4 Qc7 41. Qg6 1-0

[Event "GER-ch Seniors"]
[Site "Dresden"]
[Date "2012.08.14"]
[Round "6"]
[White "Fleischer, Matthias"]
[Black "Dombrowe, Eckehard"]
[Result "1-0"]
[WhiteElo "1937"]
[BlackElo "1805"]
[PlyCount "111"]
[EventDate "2012.08.09"]
[EventType "swiss"]
[EventRounds "9"]
[EventCountry "GER"]
[SourceTitle "EXT 2014"]
[Source "ChessBase"]
[SourceDate "2013.11.20"]
[SourceVersion "1"]
[SourceVersionDate "2013.11.20"]
[SourceQuality "1"]

1. f4 d5 2. b3 Nf6 3. Nf3 g6 4. Bb2 Bg7 5. e3 0-0 6. Be2 Nc6 7. 0-0 Re8 8. Bb5 Bd7 9. Bxc6 Bxc6 10. Nc3 Ne4 11. Rb1 Nxc3 12. Bxc3 Bxc3 13. dxc3 b6 14. Ne5 Bb7 15. f5 Qd6 16. fxg6 fxg6 17. Ng4 Rf8 18. Qd4 h5 19. Nh6+ Kh7 20. Nf7 Qd7 21. Qf4 Kg8 22. Qh6 Rxf7 23. Rxf7 Kxf7 24. Rf1+ Ke6 25. Qxg6+ Ke5 26. Qxh5+ Kd6 27. c4 Qe6 28. Qf3 Bc6 29. Rd1 Qe5 30. cxd5 Be8 31. Rd4 Bh5 32. g4 Bg6 33. c4 a5 34. a4 Qf6 35. Qe2 Rf8 36. Rf4 Qa1+ 37. Kg2 Rxf4 38. exf4 Qf6 39. Qe3 Bf7 40. Kg3 e6 41. dxe6 Qxe6 42. Qd4+ Kc6 43. h4 Qe1+ 44. Qf2 Qxf2+ 45. Kxf2 Kd6 46. Kf3 Ke7 47. f5 Be8 48. h5 Kf8 49. h6 Kg8 50. Kf4 Kh7 51. Ke5 Bc6 52. Kf6 Kh8 53. g5 Kh7 54. Kf7 Bf3 55. g6+ Kxh6 56. g7 1-0

[Event "GER-ch Seniors"]
[Site "Dresden"]
[Date "2012.08.12"]
[Round "4"]
[White "Dombrowe, Eckehard"]
[Black "Lorenz, Dietmar"]
[Result "1/2-1/2"]
[WhiteElo "1805"]
[BlackElo "2019"]
[PlyCount "59"]
[EventDate "2012.08.09"]
[EventType "swiss"]
[EventRounds "9"]
[EventCountry "GER"]
[SourceTitle "EXT 2014"]
[Source "ChessBase"]
[SourceDate "2013.11.20"]
[SourceVersion "1"]
[SourceVersionDate "2013.11.20"]
[SourceQuality "1"]

1. f4 d5 2. Nf3 Nc6 3. e3 Bg4 4. Bb5 Qd7 5. 0-0 a6 6. Bxc6 Qxc6 7. b3 Nf6 8. Bb2 e6 9. Nc3 Bd6 10. Ne2 0-0 11. Rc1 b5 12. Ne5 Bxe5 13. Bxe5 Qb6 14. Qe1 Bxe2 15. Qxe2 Nd7 16. Bb2 f6 17. Rf3 e5 18. Kh1 c5 19. fxe5 fxe5 20. Rcf1 Qd6 21. e4 d4 22. d3 Rxf3 23. Rxf3 Rf8 24. Bc1 Rxf3 25. Qxf3 Qf6 26. Qe2 Qf7 27. Bd2 b4 28. Be1 Qf4 29. Bd2 Qh4 30. Be1 1/2-1/2

[Event "Bad Wiessee Seniors op"]
[Site "Bad Wiessee"]
[Date "2012.04.29"]
[Round "9"]
[White "Dombrowe, Eckehard"]
[Black "Walther, Margareta"]
[Result "1-0"]
[WhiteElo "1612"]
[BlackElo "1448"]
[PlyCount "107"]
[EventDate "2012.04.21"]
[EventType "swiss"]
[EventRounds "9"]
[EventCountry "GER"]
[SourceTitle "EXT 2015"]
[Source "ChessBase"]
[SourceDate "2014.11.20"]
[SourceVersion "1"]
[SourceVersionDate "2014.11.20"]
[SourceQuality "1"]

1. Nf3 d5 2. d4 e6 3. c4 c6 4. e3 Bd6 5. c5 Bc7 6. Bd2 f5 7. Nc3 Nf6 8. Be2 0-0 9. 0-0 Ne4 10. Nxe4 fxe4 11. Ne5 Nd7 12. f4 Rf6 13. Be1 Qf8 14. Bh4 Rh6 15. Bg5 Nxe5 16. Bxh6 Nf7 17. Bg5 Nxg5 18. fxg5 Qe7 19. h4 Bd7 20. Qe1 a6 21. Bg4 e5 22. Bxd7 Qxd7 23. Qf2 exd4 24. exd4 Re8 25. Rae1 Qe7 26. Re3 a5 27. g3 b6 28. Qc2 Qd7 29. Kg2 bxc5 30. Qxc5 Rb8 31. Rb3 Re8 32. Re3 Qe6 33. Rc1 Rb8 34. b3 Rb6 35. Qxa5 Rxb3 36. Qa8+ Rb8 37. Qxc6 Rb2+ 38. Kg1 Qxc6 39. Rxc6 Bb6 40. Kh1 Bxd4 41. Rb3 e3 42. Rxb2 Bxb2 43. Kg2 d4 44. Kf3 Ba3 45. Ke2 Kf7 46. h5 Bb4 47. Rc7+ Kf8 48. a4 Ba5 49. Rd7 Bb6 50. Rb7 Ba5 51. Rb5 Bc7 52. g4 Ke8 53. a5 Kd7 54. a6 1-0

[Event "Bad Wiessee Seniors op"]
[Site "Bad Wiessee"]
[Date "2012.04.23"]
[Round "3"]
[White "Dombrowe, Eckehard"]
[Black "Wichmann, Bernhard"]
[Result "1/2-1/2"]
[WhiteElo "1612"]
[BlackElo "1594"]
[PlyCount "61"]
[EventDate "2012.04.21"]
[EventType "swiss"]
[EventRounds "9"]
[EventCountry "GER"]
[SourceTitle "EXT 2015"]
[Source "ChessBase"]
[SourceDate "2014.11.20"]
[SourceVersion "1"]
[SourceVersionDate "2014.11.20"]
[SourceQuality "1"]

1. d4 d5 2. c4 e6 3. Nc3 c5 4. cxd5 exd5 5. Nf3 Nc6 6. e3 c4 7. Be2 Nf6 8. 0-0 Bb4 9. Bd2 Bxc3 10. Bxc3 0-0 11. Ne5 Ne4 12. Nxc6 Nxc3 13. bxc3 bxc6 14. Rb1 Bf5 15. Rb2 Qa5 16. Qd2 Rab8 17. Re1 Qa3 18. Rxb8 Rxb8 19. Ra1 Rb1+ 20. Rxb1 Bxb1 21. Bg4 Bxa2 22. Bd7 Qa6 23. Bxc6 Qxc6 24. Qxa2 Qb5 25. g3 a5 26. Kf1 a4 27. Qa3 Qb3 28. Qd6 h6 29. Qxd5 a3 30. Qa8+ Kh7 31. Qe4+ 1/2-1/2

[Event "Bad Woerishofen Seniors op 28th"]
[Site "Bad Woerishofen"]
[Date "2012.03.04"]
[Round "3.39"]
[White "Dombrowe, Eckehard"]
[Black "Reichwald, Klaus Dieter"]
[Result "1-0"]
[WhiteElo "1607"]
[BlackElo "1743"]
[PlyCount "75"]
[EventDate "2012.03.02"]
[EventType "swiss"]
[EventRounds "9"]
[EventCountry "GER"]
[SourceTitle "EXT 2022"]
[Source "ChessBase"]
[SourceDate "2021.10.06"]
[SourceVersion "1"]
[SourceVersionDate "2021.10.06"]
[SourceQuality "1"]

1. d4 Nf6 2. c4 g6 3. Nc3 Bg7 4. Nf3 d6 5. Bg5 Nbd7 6. e3 c6 7. h3 Qc7 8. Bf4 b6 9. Bd3 Nh5 10. Bh2 0-0 11. 0-0 e5 12. d5 c5 13. e4 a6 14. Rb1 Bh6 15. a3 Nf4 16. Bxf4 Bxf4 17. b4 Nf6 18. a4 Nh5 19. Be2 Qe7 20. Nh2 Bxh2+ 21. Kxh2 Nf4 22. Bg4 f5 23. Bf3 Qh4 24. Kg1 fxe4 25. Nxe4 Bf5 26. Rb3 Bxe4 27. Bxe4 Nxh3+ 28. Rxh3 Qxe4 29. Qb3 Rf4 30. bxc5 Raf8 31. cxb6 Qxc4 32. Qxc4 Rxc4 33. Ra1 Rb8 34. a5 Rd4 35. Rc3 Rxd5 36. Rc7 Rd2 37. b7 Rf8 38. Rb1 1-0

[Event "Bad Woerishofen op 25th"]
[Site "Bad Woerishofen"]
[Date "2009.03.06"]
[Round "2"]
[White "Dombrowe, Eckehard"]
[Black "Ganslmayer, Herbert"]
[Result "1-0"]
[WhiteElo "1844"]
[BlackElo "2016"]
[PlyCount "59"]
[EventDate "2009.03.05"]
[EventType "swiss"]
[EventRounds "9"]
[EventCountry "GER"]
[SourceTitle "CBM 129 Extra"]
[Source "ChessBase"]
[SourceDate "2009.05.05"]
[SourceVersion "2"]
[SourceVersionDate "2009.05.20"]
[SourceQuality "1"]

1. f4 Nf6 2. Nf3 g6 3. e3 Bg7 4. Nc3 c6 5. b3 0-0 6. Bb2 d6 7. Bd3 Qc7 8. 0-0 b5 9. Ne4 Nbd7 10. Ng3 e5 11. fxe5 dxe5 12. Ne4 Nxe4 13. Bxe4 f5 14. Ng5 Nc5 15. Bd3 Nxd3 16. cxd3 h6 17. Nf3 Bb7 18. Rc1 c5 19. d4 Bxf3 20. Qxf3 exd4 21. Bxd4 Bxd4 22. exd4 Qd6 23. dxc5 Qd4+ 24. Qf2 Qd5 25. Rfe1 Rfd8 26. Re2 Rac8 27. Rce1 Kf8 28. d4 Qxd4 29. Re8+ Kf7 30. Qxd4 1-0

[Event "Bad Woerishofen Seniors op 24th"]
[Site "Bad Woerishofen"]
[Date "2008.03.04"]
[Round "6"]
[White "Dombrowe, Eckehard"]
[Black "Mentel, Juergen"]
[Result "1-0"]
[WhiteElo "1610"]
[BlackElo "1924"]
[PlyCount "99"]
[EventDate "2008.02.28"]
[EventType "swiss"]
[EventRounds "9"]
[EventCountry "GER"]
[SourceTitle "EXT 2022"]
[Source "ChessBase"]
[SourceDate "2021.10.06"]
[SourceVersion "1"]
[SourceVersionDate "2021.10.06"]
[SourceQuality "1"]

1. d4 d6 2. Nf3 Bg4 3. e3 Nf6 4. Be2 Nbd7 5. h3 Bh5 6. c4 c6 7. 0-0 d5 8. Nbd2 e6 9. b3 Bd6 10. Bb2 Qe7 11. cxd5 exd5 12. a3 0-0 13. b4 Ne8 14. b5 cxb5 15. Bxb5 Ndf6 16. Be2 Rc8 17. Qb3 Bb8 18. a4 Bd6 19. Bd3 Bg6 20. Bxg6 hxg6 21. Ba3 Bxa3 22. Rxa3 Nd6 23. Ne5 Nde4 24. Nxe4 Nxe4 25. Qb2 Kh7 26. Rc1 f6 27. Nd3 Nd6 28. Rac3 Nc4 29. Qa2 Rcd8 30. Nb2 Na5 31. Rc5 Nc6 32. a5 Rc8 33. Qxd5 a6 34. Qa2 Rfd8 35. Nd3 Rb8 36. Qa3 Rd7 37. Qc3 Na7 38. Nf4 Nb5 39. Qb2 Qe4 40. R5c4 Rbd8 41. Ne2 Qe7 42. Nf4 f5 43. g3 Rd6 44. Rc8 g5 45. Rxd8 Qxd8 46. Nd3 Rh6 47. Kg2 f4 48. exf4 gxf4 49. Nxf4 g5 50. Qc2+ 1-0